[Event "Reinstorf op"]
[Site "Reinstorf"]
[Date "2022.02.04"]
[Round "7"]
[White "Germer, Philipp"]
[Black "Albers, Andreas"]
[Result "1-0"]
[WhiteElo "2132"]
[BlackElo "1968"]
[PlyCount "75"]
[EventDate "2022.01.29"]
[EventType "swiss"]
[EventRounds "9"]
[EventCountry "GER"]
[SourceTitle "CBM 206 Extra"]
[Source "ChessBase"]
[SourceDate "2022.03.31"]
[SourceVersion "1"]
[SourceVersionDate "2022.03.31"]
[SourceQuality "1"]

1. e4 e6 2. d4 d5 3. Nd2 c5 4. exd5 Qxd5 5. Ngf3 cxd4 6. Bc4 Qd8 7. 0-0 Nf6 8. Nb3 Nc6 9. Nbxd4 Qb6 10. Nb5 a6 11. Be3 Qa5 12. Nd6+ Bxd6 13. Qxd6 Ne4 14. Qf4 Nf6 15. Rad1 0-0 16. Rfe1 b5 17. Bd2 Qb6 18. Bd3 Ne7 19. Ne5 Ned5 20. Qh4 Bb7 21. Nd7 Qc6 22. Nxf8 Rxf8 23. f3 Rc8 24. Kh1 h6 25. a3 Qb6 26. b3 a5 27. c4 bxc4 28. bxc4 Qb3 29. Bxh6 Nc3 30. Rd2 Ne8 31. Bf4 Qxa3 32. Qh7+ Kf8 33. Bg5 f6 34. Bg6 Bc6 35. Qh8+ Ke7 36. Rxe6+ Kxe6 37. Qg8+ Ke5 38. f4# 1-0

[Event "Reinstorf op"]
[Site "Reinstorf"]
[Date "2022.02.01"]
[Round "4"]
[White "Colbow, Collin"]
[Black "Germer, Philipp"]
[Result "1-0"]
[WhiteElo "2334"]
[BlackElo "2132"]
[PlyCount "71"]
[EventDate "2022.01.29"]
[EventType "swiss"]
[EventRounds "9"]
[EventCountry "GER"]
[SourceTitle "CBM 206 Extra"]
[Source "ChessBase"]
[SourceDate "2022.03.31"]
[SourceVersion "1"]
[SourceVersionDate "2022.03.31"]
[SourceQuality "1"]

1. Nf3 Nf6 2. b3 d5 3. Bb2 Bf5 4. c4 c6 5. g3 h6 6. Bg2 e6 7. 0-0 Be7 8. d3 0-0 9. Nbd2 Bh7 10. Re1 a5 11. a3 Nbd7 12. Qc2 b5 13. e4 Qb6 14. cxb5 cxb5 15. Bd4 Bc5 16. Bxc5 Qxc5 17. Qb2 Rfc8 18. Rac1 Qb6 19. h3 b4 20. a4 Nc5 21. Ne5 Qa6 22. Qd4 Ncd7 23. Nxd7 Nxd7 24. exd5 e5 25. Qe3 Bxd3 26. Rc6 Rxc6 27. dxc6 Nf6 28. Qxe5 Rc8 29. Qc5 Ne8 30. Re7 Nc7 31. Qd4 Ne6 32. Qd7 Bg6 33. Nc4 Rc7 34. Rxe6 Rxd7 35. Re8+ Kh7 36. cxd7 1-0

[Event "Verbandsliga Suedbaden 2122"]
[Site "Baden"]
[Date "2021.10.31"]
[Round "2.3"]
[White "Riehle, Marco"]
[Black "Germer, Philipp"]
[Result "1-0"]
[WhiteElo "2336"]
[BlackElo "2132"]
[PlyCount "81"]
[EventDate "2021.10.10"]
[EventType "team-tourn"]
[EventRounds "9"]
[EventCountry "GER"]
[SourceTitle "EXT 2023"]
[Source "ChessBase"]
[SourceDate "2022.10.05"]
[SourceVersion "1"]
[SourceVersionDate "2022.10.05"]
[SourceQuality "1"]
[WhiteTeam "Sasbach"]
[BlackTeam "Oberwinden"]
[WhiteTeamCountry "GER"]
[BlackTeamCountry "GER"]

1. e4 e5 2. Nf3 Nc6 3. Bc4 Bc5 4. c3 Nf6 5. d4 exd4 6. e5 d5 7. Be2 Ne4 8. cxd4 Bb6 9. 0-0 Bg4 10. Be3 Ne7 11. h3 Be6 12. Nc3 Nf5 13. Bf4 h6 14. Bd3 Ng5 15. Be3 Nxf3+ 16. Qxf3 Nxd4 17. Qg3 g6 18. Rad1 c6 19. Bxg6 Rg8 20. Bxd4 Rxg6 21. Bxb6 axb6 22. Qe3 Qh4 23. Kh2 0-0-0 24. Ne2 c5 25. Nf4 Rg7 26. g3 Qg5 27. b4 d4 28. Qe2 Bd5 29. Nxd5 Rxd5 30. Rfe1 Qf5 31. bxc5 bxc5 32. Rd2 Rg6 33. Qc4 Qf3 34. Qa4 Re6 35. Qa8+ Kc7 36. Qa5+ Kb8 37. Rb2 d3 38. Rxb7+ Kxb7 39. Rb1+ Kc6 40. Qa8+ Kd7 41. Rb7+ 1-0

[Event "Verbandsliga Suedbaden 1819"]
[Site "Baden"]
[Date "2019.01.27"]
[Round "5.2"]
[White "Fien, Andreas"]
[Black "Germer, Philipp"]
[Result "0-1"]
[WhiteElo "2090"]
[BlackElo "2126"]
[PlyCount "38"]
[EventDate "2018.10.14"]
[EventType "team-tourn"]
[EventRounds "9"]
[EventCountry "GER"]
[SourceTitle "EXT 2020"]
[Source "ChessBase"]
[SourceDate "2019.10.17"]
[SourceVersion "1"]
[SourceVersionDate "2019.10.17"]
[SourceQuality "1"]
[WhiteTeam "Lahr"]
[BlackTeam "Oberwinden"]
[WhiteTeamCountry "GER"]
[BlackTeamCountry "GER"]

1. e4 e6 2. d4 d5 3. e5 c5 4. c3 Nc6 5. Nf3 Qb6 6. a3 f6 7. Bd3 fxe5 8. Nxe5 Nf6 9. 0-0 Bd6 10. Bg5 Bxe5 11. dxe5 Nxe5 12. Bxf6 gxf6 13. Qh5+ Ke7 14. Qh6 Qxb2 15. Nd2 Qxc3 16. Rae1 Bd7 17. Rxe5 fxe5 18. Qg7+ Kd6 19. Ne4+ dxe4 0-1

[Event "Verbandsliga Suedbaden 1819"]
[Site "Baden"]
[Date "2019.01.13"]
[Round "4.4"]
[White "Germer, Philipp"]
[Black "Feisst, Simon Anton"]
[Result "0-1"]
[WhiteElo "2126"]
[BlackElo "2138"]
[PlyCount "72"]
[EventDate "2018.10.14"]
[EventType "team-tourn"]
[EventRounds "9"]
[EventCountry "GER"]
[SourceTitle "EXT 2020"]
[Source "ChessBase"]
[SourceDate "2019.10.17"]
[SourceVersion "1"]
[SourceVersionDate "2019.10.17"]
[SourceQuality "1"]
[WhiteTeam "Oberwinden"]
[BlackTeam "Baden-Baden IV"]
[WhiteTeamCountry "GER"]
[BlackTeamCountry "GER"]

1. e4 g6 2. d4 Bg7 3. Nf3 Nf6 4. Nc3 d5 5. e5 Ne4 6. Nxe4 dxe4 7. Ng5 f6 8. Nxe4 fxe5 9. d5 Bf5 10. Bb5+ c6 11. dxc6 Qxd1+ 12. Kxd1 Nxc6 13. Bxc6+ bxc6 14. Re1 0-0-0+ 15. Nd2 Rd7 16. f3 h5 17. a4 Rhd8 18. a5 Bh6 19. Re2 e4 20. Ra3 exf3 21. gxf3 e5 22. Ke1 Bf4 23. Rc3 Rd6 24. Rc5 a6 25. c3 Kc7 26. Rcxe5 Bxe5 27. Rxe5 Re6 28. Rxe6 Bxe6 29. Ne4 Rf8 30. Ke2 Bd5 31. Nc5 Bc4+ 32. Ke3 Re8+ 33. Kd4 Bf1 34. Bf4+ Kc8 35. Ne4 Rf8 36. Ke5 Rf5+ 0-1

[Event "Verbandsliga Suedbaden 1718"]
[Site "Baden"]
[Date "2018.04.22"]
[Round "8.3"]
[White "Germer, Philipp"]
[Black "Schuh, Hubert"]
[Result "0-1"]
[WhiteElo "2107"]
[BlackElo "2292"]
[PlyCount "106"]
[EventDate "2017.10.08"]
[EventType "team-tourn"]
[EventRounds "9"]
[EventCountry "GER"]
[SourceTitle "EXT 2019"]
[Source "ChessBase"]
[SourceDate "2018.10.10"]
[SourceVersion "1"]
[SourceVersionDate "2018.10.10"]
[SourceQuality "1"]
[WhiteTeam "Oberwinden"]
[BlackTeam "Kuppenheim"]
[WhiteTeamCountry "GER"]
[BlackTeamCountry "GER"]

1. e4 c5 2. Nf3 d6 3. d4 cxd4 4. Nxd4 Nf6 5. Nc3 a6 6. Be3 e6 7. f3 Nbd7 8. Qd2 b5 9. g4 h6 10. 0-0-0 b4 11. Nce2 d5 12. exd5 Nxd5 13. Nf4 Bb7 14. Bd3 Nc5 15. Rhe1 Nxf4 16. Bxf4 Be7 17. Qe3 0-0 18. Bc4 Qb6 19. Bxh6 gxh6 20. Qxh6 Rfd8 21. Re5 Rxd4 22. Rxd4 Nb3+ 23. axb3 Qxd4 24. Bd3 Qg1+ 25. Kd2 Qf2+ 26. Re2 Qh4 27. Qe3 Rd8 28. Kc1 Qg5 29. f4 Qxg4 30. Re1 Kf8 31. Rg1 Qh4 32. Kb1 a5 33. Qe5 Qh6 34. f5 exf5 35. Qxf5 Bd5 36. Qg4 Bf6 37. Qg8+ Ke7 38. Re1+ Be6 39. Qg3 Rd6 40. Qg2 Qh4 41. Re4 Qg5 42. Qf2 Bg7 43. h4 Qf6 44. Qxf6+ Bxf6 45. h5 Rd4 46. Re3 Rh4 47. Be2 Rh1+ 48. Ka2 a4 49. Bc4 a3 50. c3 axb2 51. Kxb2 Rxh5 52. Kc2 Rh2+ 53. Kd3 bxc3 0-1

[Event "Verbandsliga Suedbaden 1718"]
[Site "Baden"]
[Date "2017.10.08"]
[Round "1.3"]
[White "Germer, Philipp"]
[Black "Zeiler, Klaus"]
[Result "1/2-1/2"]
[WhiteElo "2107"]
[BlackElo "2076"]
[PlyCount "30"]
[EventDate "2017.10.08"]
[EventType "team-tourn"]
[EventRounds "9"]
[EventCountry "GER"]
[SourceTitle "EXT 2019"]
[Source "ChessBase"]
[SourceDate "2018.10.10"]
[SourceVersion "1"]
[SourceVersionDate "2018.10.10"]
[SourceQuality "1"]
[WhiteTeam "Oberwinden"]
[BlackTeam "Pfullendorf"]
[WhiteTeamCountry "GER"]
[BlackTeamCountry "GER"]

1. e4 e6 2. d4 d5 3. Nd2 b6 4. Ngf3 Nf6 5. Bd3 Be7 6. c3 0-0 7. Qe2 a5 8. Ne5 c5 9. exd5 cxd4 10. dxe6 Bxe6 11. c4 Qc7 12. 0-0 Nc6 13. Nxc6 Qxc6 14. Nf3 Bc5 15. h3 Rfe8 1/2-1/2

[Event "Oberliga Baden 1617"]
[Site "Baden"]
[Date "2017.04.23"]
[Round "8.4"]
[White "Faerber, David"]
[Black "Germer, Philipp"]
[Result "1-0"]
[WhiteElo "2135"]
[BlackElo "2167"]
[PlyCount "65"]
[EventDate "2016.10.16"]
[EventType "team-tourn"]
[EventRounds "9"]
[EventCountry "GER"]
[SourceTitle "EXT 2018"]
[Source "ChessBase"]
[SourceDate "2017.10.13"]
[SourceVersion "1"]
[SourceVersionDate "2017.10.13"]
[SourceQuality "1"]
[WhiteTeam "Walldorf"]
[BlackTeam "Oberwinden"]
[WhiteTeamCountry "GER"]
[BlackTeamCountry "GER"]

1. e4 e5 2. Nf3 Nc6 3. d4 exd4 4. Nxd4 Nf6 5. Nxc6 bxc6 6. e5 Qe7 7. Qe2 Nd5 8. c4 Nb6 9. Nc3 d5 10. exd6 cxd6 11. Bg5 Qe6 12. 0-0-0 Bb7 13. c5 h6 14. Qd2 Nd7 15. Bf4 0-0-0 16. cxd6 g5 17. Bg3 f5 18. Qd4 f4 19. Qxh8 c5 20. Qh7 Bxd6 21. Bd3 Rf8 22. Rhe1 Ne5 23. Be4 Bxe4 24. Qxe4 fxg3 25. fxg3 Rf2 26. Re2 Rxe2 27. Qxe2 c4 28. Qe4 Bb8 29. Kb1 Qb6 30. Ka1 Qb4 31. Qf5+ Kb7 32. Qh7+ Bc7 33. Qxc7+ 1-0

[Event "Oberliga Baden 1617"]
[Site "Baden"]
[Date "2017.02.19"]
[Round "6.5"]
[White "Becker, Matthias1111"]
[Black "Germer, Philipp"]
[Result "1-0"]
[WhiteElo "2248"]
[BlackElo "2167"]
[PlyCount "55"]
[EventDate "2016.10.16"]
[EventType "team-tourn"]
[EventRounds "9"]
[EventCountry "GER"]
[SourceTitle "EXT 2018"]
[Source "ChessBase"]
[SourceDate "2017.10.13"]
[SourceVersion "1"]
[SourceVersionDate "2017.10.13"]
[SourceQuality "1"]
[WhiteTeam "Buchen"]
[BlackTeam "Oberwinden"]
[WhiteTeamCountry "GER"]
[BlackTeamCountry "GER"]

1. e4 c5 2. Nf3 d6 3. b3 Nf6 4. Bb5+ Nbd7 5. Qe2 a6 6. Bd3 e5 7. 0-0 g6 8. c3 h5 9. Bc2 Bh6 10. Bb2 Nf8 11. d4 Qe7 12. dxe5 dxe5 13. c4 Bg4 14. h3 Bxf3 15. Qxf3 g5 16. Nc3 g4 17. Qf5 gxh3 18. Nd5 Nxd5 19. exd5 Ng6 20. Rfe1 Bg7 21. Qxh3 Qg5 22. Bxg6 Qxg6 23. Bxe5 Bxe5 24. Rxe5+ Kf8 25. Rae1 b6 26. Qh4 Ra7 27. Rg5 Qh7 28. Qg3 1-0

[Event "Oberliga Baden 1617"]
[Site "Baden"]
[Date "2017.01.15"]
[Round "4.5"]
[White "Eppinger, Georg"]
[Black "Germer, Philipp"]
[Result "1/2-1/2"]
[WhiteElo "2232"]
[BlackElo "2167"]
[PlyCount "31"]
[EventDate "2016.10.16"]
[EventType "team-tourn"]
[EventRounds "9"]
[EventCountry "GER"]
[SourceTitle "EXT 2018"]
[Source "ChessBase"]
[SourceDate "2017.10.13"]
[SourceVersion "1"]
[SourceVersionDate "2017.10.13"]
[SourceQuality "1"]
[WhiteTeam "Dreisamtal"]
[BlackTeam "Oberwinden"]
[WhiteTeamCountry "GER"]
[BlackTeamCountry "GER"]

1. e4 c5 2. c3 d5 3. exd5 Qxd5 4. d4 Nf6 5. Nf3 e6 6. Be3 Nc6 7. dxc5 Qxd1+ 8. Kxd1 Ng4 9. Bb5 Nxe3+ 10. fxe3 Bxc5 11. Ne5 0-0 12. Nxc6 bxc6 13. Bxc6 Rb8 14. b4 Bxe3 15. a4 e5 16. Na3 1/2-1/2

[Event "Oberliga Baden 1516"]
[Site "Baden"]
[Date "2016.04.10"]
[Round "9.4"]
[White "Weber, Marc"]
[Black "Germer, Philipp"]
[Result "1/2-1/2"]
[WhiteElo "2255"]
[BlackElo "2174"]
[PlyCount "49"]
[EventDate "2015.09.20"]
[EventType "team-tourn"]
[EventRounds "9"]
[EventCountry "GER"]
[SourceTitle "EXT 2018"]
[Source "ChessBase"]
[SourceDate "2017.10.13"]
[SourceVersion "1"]
[SourceVersionDate "2017.10.13"]
[SourceQuality "1"]
[WhiteTeam "Walldorf"]
[BlackTeam "Oberwinden"]
[WhiteTeamCountry "GER"]
[BlackTeamCountry "GER"]

1. d4 Nf6 2. c4 e6 3. Nf3 d5 4. g3 dxc4 5. Bg2 Nc6 6. 0-0 Bd6 7. Nbd2 e5 8. dxe5 Nxe5 9. Nxe5 Bxe5 10. Nxc4 Bd4 11. Qb3 Be6 12. e3 Bb6 13. Bxb7 0-0 14. Qc2 Bd5 15. Bxd5 Qxd5 16. b3 Ne4 17. f3 Ng5 18. Kh1 Ne6 19. Bb2 Rad8 20. Qg2 Rfe8 21. Rae1 Nc5 22. Re2 Nd3 23. Bc3 Rd7 24. Bd2 Qb5 25. f4 1/2-1/2

[Event "Karlsruhe Grenke op"]
[Site "Karlsruhe"]
[Date "2016.03.24"]
[Round "1"]
[White "Germer, Philipp"]
[Black "Korobov, Anton"]
[Result "0-1"]
[WhiteElo "2173"]
[BlackElo "2713"]
[PlyCount "72"]
[EventDate "2016.03.24"]
[EventType "swiss"]
[EventRounds "9"]
[EventCountry "GER"]
[SourceTitle "CBM 171 Extra"]
[Source "ChessBase"]
[SourceDate "2016.04.26"]
[SourceVersion "1"]
[SourceVersionDate "2016.04.26"]
[SourceQuality "1"]

1. e4 c5 2. Nf3 d6 3. d4 cxd4 4. Nxd4 Nf6 5. Nc3 a6 6. Bg5 Nbd7 7. Qe2 h6 8. Bh4 g6 9. g4 e5 10. Nb3 Be7 11. 0-0-0 b5 12. Bg2 b4 13. Bxf6 Nxf6 14. Nd5 Nxd5 15. exd5 0-0 16. f4 exf4 17. Nd4 Bg5 18. Bf3 Bxg4 19. h4 Bxf3 20. Nxf3 Bf6 21. Qe4 Bg7 22. Qxf4 Qf6 23. Qxf6 Bxf6 24. Nd2 Bd4 25. Nc4 Bc5 26. Rhf1 f5 27. Rde1 Rae8 28. Na5 f4 29. Kd2 Rxe1 30. Kxe1 Re8+ 31. Kd1 g5 32. c3 bxc3 33. bxc3 Re7 34. Nc6 Re4 35. Kd2 g4 36. Rb1 g3 0-1

[Event "Oberliga Baden 1516"]
[Site "Baden"]
[Date "2015.10.11"]
[Round "2.3"]
[White "Germer, Philipp"]
[Black "Eisenbeiser, Amadeus"]
[Result "0-1"]
[WhiteElo "2174"]
[BlackElo "2369"]
[PlyCount "101"]
[EventDate "2015.09.20"]
[EventType "team-tourn"]
[EventRounds "9"]
[EventCountry "GER"]
[SourceTitle "EXT 2018"]
[Source "ChessBase"]
[SourceDate "2017.10.13"]
[SourceVersion "1"]
[SourceVersionDate "2017.10.13"]
[SourceQuality "1"]
[WhiteTeam "Oberwinden"]
[BlackTeam "Buchen"]
[WhiteTeamCountry "GER"]
[BlackTeamCountry "GER"]

1. e4 d6 2. d4 Nf6 3. Nc3 e5 4. dxe5 dxe5 5. Qxd8+ Kxd8 6. Bc4 Ke8 7. Nf3 Bd6 8. Bg5 Nbd7 9. 0-0-0 a6 10. a4 h6 11. Bh4 b6 12. Ne1 Bb7 13. f3 Be7 14. g4 Rd8 15. Bg3 h5 16. g5 Nh7 17. h4 Bd6 18. Nd3 Nhf8 19. Rhf1 Ng6 20. Nd5 b5 21. Ba2 Bxd5 22. Bxd5 bxa4 23. f4 exf4 24. Bxf4 Bxf4+ 25. Nxf4 Nge5 26. g6 fxg6 27. Ne6 Rc8 28. Bb7 Rb8 29. Nxc7+ Kd8 30. Ne6+ Ke7 31. Bd5 Rb6 32. Rd4 Rxe6 33. Bxe6 Kxe6 34. Rxa4 Nc5 35. Rd4 g5 36. hxg5 h4 37. b4 Ncd7 38. Kd2 h3 39. Ke3 Ng4+ 40. Ke2 h2 41. Rdd1 Rc8 42. Rc1 Rc4 43. c3 Rxe4+ 44. Kd2 Nde5 45. Rf8 Re3 46. Rh8 Rg3 47. Rxh2 Nxh2 48. Ra1 Nhf3+ 49. Kc2 Rg2+ 50. Kb3 Nd2+ 51. Ka4 0-1

[Event "Verbandsliga Suedbaden 1415"]
[Site "Baden"]
[Date "2015.02.08"]
[Round "6.2"]
[White "Johne, Florian"]
[Black "Germer, Philipp"]
[Result "0-1"]
[WhiteElo "2028"]
[BlackElo "2177"]
[PlyCount "112"]
[EventDate "2014.10.12"]
[EventType "team-tourn"]
[EventRounds "9"]
[EventCountry "GER"]
[SourceTitle "EXT 2022"]
[Source "ChessBase"]
[SourceDate "2021.10.06"]
[SourceVersion "1"]
[SourceVersionDate "2021.10.06"]
[SourceQuality "1"]
[WhiteTeam "Konstanz"]
[BlackTeam "Oberwinden"]
[WhiteTeamCountry "GER"]
[BlackTeamCountry "GER"]

1. d4 Nf6 2. c4 g6 3. Nc3 d5 4. Nf3 Bg7 5. cxd5 Nxd5 6. e4 Nxc3 7. bxc3 c5 8. Rb1 0-0 9. Be2 Qa5 10. Bd2 Qxa2 11. 0-0 Nd7 12. d5 Qa5 13. Qc1 Ne5 14. Ne1 Qc7 15. f4 Bg4 16. Qd1 Bxe2 17. Qxe2 Nd7 18. c4 a6 19. e5 f5 20. Nf3 Rfd8 21. Bc3 Nf8 22. Rfd1 b6 23. h4 Rab8 24. Qa2 Ra8 25. Qe2 Ra7 26. Ba1 Rb7 27. Rb3 Rdb8 28. Qa2 b5 29. cxb5 c4 30. Re3 axb5 31. Rc1 Ra7 32. Qd2 Rba8 33. Bc3 Qb7 34. Ree1 Ra2 35. Qd4 R8a3 36. Bb4 Rd3 37. Qc5 Qxd5 38. Qxd5+ Rxd5 39. Bxe7 Ne6 40. g3 Rd3 41. Rf1 c3 42. Bb4 c2 43. Kf2 Bf8 44. Bxf8 Kxf8 45. Ke2 Rd7 46. Ne1 Nd4+ 47. Ke3 Ra3+ 48. Kf2 Rc3 49. Nxc2 Nxc2 50. Rfd1 Rxd1 51. Rxd1 Ke7 52. Rd5 b4 53. Rb5 b3 54. Rb7+ Ke6 55. Rxh7 Nb4 56. Rb7 Rc4 0-1

[Event "Verbandsliga Suedbaden 1415"]
[Site "Baden"]
[Date "2015.01.25"]
[Round "5.3"]
[White "Leutwyler, Martin"]
[Black "Germer, Philipp"]
[Result "0-1"]
[WhiteElo "2200"]
[BlackElo "2177"]
[PlyCount "120"]
[EventDate "2014.10.12"]
[EventType "team-tourn"]
[EventRounds "9"]
[EventCountry "GER"]
[SourceTitle "EXT 2022"]
[Source "ChessBase"]
[SourceDate "2021.10.06"]
[SourceVersion "1"]
[SourceVersionDate "2021.10.06"]
[SourceQuality "1"]
[WhiteTeam "Gottmadingen"]
[BlackTeam "Oberwinden"]
[WhiteTeamCountry "GER"]
[BlackTeamCountry "GER"]

1. d4 d5 2. Nf3 e6 3. c4 c5 4. cxd5 exd5 5. g3 Nf6 6. Bg2 Nc6 7. Nc3 Be7 8. 0-0 0-0 9. dxc5 Bxc5 10. Bg5 Be6 11. Bxf6 Qxf6 12. Nxd5 Qxb2 13. Nc7 Rad8 14. Qc1 Qxc1 15. Raxc1 Bb6 16. Nxe6 fxe6 17. e3 Rf6 18. Ng5 e5 19. Bh3 Rfd6 20. Be6+ Kf8 21. Bb3 R8d7 22. Nxh7+ Ke7 23. Rfd1 Na5 24. Ba4 Rd8 25. Rxd6 Rxd6 26. Rd1 Nc4 27. h4 Nd2 28. Kg2 Ba5 29. Ng5 Rd3 30. Bb3 Rd6 31. Nf7 Rb6 32. Nxe5 Nxb3 33. Nc4 Rb5 34. axb3 Bc3 35. Rd3 Rxb3 36. Nd2 Rb2 37. Rxc3 Rxd2 38. h5 Rd7 39. g4 b5 40. g5 b4 41. Rc8 Rb7 42. h6 gxh6 43. gxh6 Kf6 44. h7 Rxh7 45. Rb8 a5 46. Rb6+ Ke5 47. Rb5+ Ke4 48. Rxa5 Rb7 49. Kg3 b3 50. Ra1 b2 51. Rb1 Kd3 52. Kf4 Kc2 53. Re1 b1Q 54. Rxb1 Rxb1 55. e4 Kd3 56. Kf5 Kd4 57. f4 Rb6 58. e5 Kd5 59. Kg5 Ke4 60. Kg4 Rg6+ 0-1

[Event "Untergrombach op 32nd"]
[Site "Untergrombach"]
[Date "2015.01.04"]
[Round "3"]
[White "Spirin, Oleg"]
[Black "Germer, Philipp"]
[Result "1-0"]
[WhiteElo "2475"]
[BlackElo "2122"]
[PlyCount "133"]
[EventDate "2015.01.02"]
[EventType "swiss"]
[EventRounds "7"]
[EventCountry "GER"]
[SourceTitle "CBM 164 Extra"]
[Source "ChessBase"]
[SourceDate "2015.03.02"]
[SourceVersion "1"]
[SourceVersionDate "2015.03.02"]
[SourceQuality "1"]

1. Nf3 d5 2. c4 c6 3. d4 Nf6 4. Qb3 dxc4 5. Qxc4 Bf5 6. g3 e6 7. Bg2 Nbd7 8. 0-0 Be7 9. Nc3 0-0 10. Re1 Ne4 11. e3 Nxc3 12. bxc3 Be4 13. Qb3 Qb6 14. Ne5 Qxb3 15. axb3 Nxe5 16. Bxe4 f5 17. Bg2 Nd3 18. Rd1 Nxc1 19. Rdxc1 Rfd8 20. f4 a6 21. Re1 Kf7 22. e4 g6 23. Ra2 Rd7 24. b4 Bf8 25. Bf1 Kf6 26. Bc4 Re7 27. Kg2 Rae8 28. Ra5 h5 29. Kf3 Bh6 30. Bd3 Rd8 31. h3 Bg7 32. Re2 Kf7 33. Bc4 Kf6 34. Re1 Rde8 35. Bd3 Kf7 36. Rg1 Rd8 37. Bc2 Rde8 38. Bb3 Kf6 39. g4 hxg4+ 40. hxg4 fxe4+ 41. Kxe4 Rh8 42. Rg3 Rh1 43. Bc4 Bf8 44. Rf3 Rh4 45. g5+ Kf7 46. Bf1 Bg7 47. Rh3 Rxh3 48. Bxh3 Re8 49. Kf3 Rh8 50. Kg3 Re8 51. Bg2 Rd8 52. b5 cxb5 53. Bxb7 b4 54. cxb4 Rxd4 55. Bxa6 Rxb4 56. Rc5 Bf8 57. Rc7+ Be7 58. Bc4 Rb6 59. Kf3 Rd6 60. Kg4 Rd1 61. Kf3 Rd6 62. Ke3 Rd8 63. Bd3 Re8 64. Be4 Rg8 65. Kd4 Re8 66. Ke5 Kg7 67. Bc6 1-0

[Event "Verbandsliga Sued Baden 1314"]
[Site "Germany"]
[Date "2014.03.23"]
[Round "8.1"]
[White "Kovalevskaya, Ekaterina"]
[Black "Germer, Philipp"]
[Result "1-0"]
[WhiteElo "2424"]
[BlackElo "2177"]
[PlyCount "65"]
[EventDate "2013.10.20"]
[EventType "team-tourn"]
[EventRounds "9"]
[EventCountry "GER"]
[SourceTitle "EXT 2015"]
[Source "ChessBase"]
[SourceDate "2014.11.20"]
[SourceVersion "1"]
[SourceVersionDate "2014.11.20"]
[SourceQuality "1"]
[WhiteTeam "Baden-Baden IV"]
[BlackTeam "Oberwinden"]
[WhiteTeamCountry "GER"]
[BlackTeamCountry "GER"]

1. c4 c5 2. Nf3 Nf6 3. Nc3 d5 4. cxd5 Nxd5 5. g3 Nc6 6. Bg2 Nc7 7. 0-0 e5 8. d3 Be7 9. Nd2 Be6 10. Nc4 f6 11. f4 exf4 12. Bxf4 Nd5 13. Nxd5 Bxd5 14. Nd6+ Bxd6 15. Bxd5 Nd4 16. e4 Bxf4 17. Rxf4 Qd7 18. Kh1 Ne6 19. Qh5+ Ke7 20. Bxe6 Qxe6 21. Qxc5+ Qd6 22. Qb5 b6 23. e5 fxe5 24. Re1 a6 25. Rxe5+ Kd8 26. Qd5 Qxd5+ 27. Rxd5+ Ke7 28. Re4+ Kf6 29. Rd6+ Kf5 30. h4 h5 31. Rf4+ Ke5 32. Rfd4 Kf5 33. R4d5+ 1-0

[Event "Verbandsliga Sued Baden 1314"]
[Site "Germany"]
[Date "2013.12.08"]
[Round "3.2"]
[White "Leutwyler, Martin"]
[Black "Germer, Philipp"]
[Result "1/2-1/2"]
[WhiteElo "2148"]
[BlackElo "2177"]
[PlyCount "60"]
[EventDate "2013.10.20"]
[EventType "team-tourn"]
[EventRounds "9"]
[EventCountry "GER"]
[SourceTitle "EXT 2015"]
[Source "ChessBase"]
[SourceDate "2014.11.20"]
[SourceVersion "1"]
[SourceVersionDate "2014.11.20"]
[SourceQuality "1"]
[WhiteTeam "Gottmadingen"]
[BlackTeam "Oberwinden"]
[WhiteTeamCountry "GER"]
[BlackTeamCountry "GER"]

1. d4 d5 2. Nf3 Nf6 3. c4 e6 4. g3 Be7 5. Bg2 0-0 6. 0-0 Nbd7 7. Qc2 c6 8. Nbd2 Re8 9. e4 dxe4 10. Nxe4 Nb6 11. b3 Nxe4 12. Qxe4 f6 13. Be3 Bf8 14. Rad1 Qe7 15. a4 Bd7 16. Rfe1 Qf7 17. Qc2 Nc8 18. Bf4 Nd6 19. Re2 Rad8 20. Nd2 Kh8 21. Ne4 Nxe4 22. Bxe4 g6 23. Qc3 Bc8 24. Bb8 a6 25. Ba7 e5 26. Bb6 exd4 27. Rxd4 Rxd4 28. Bxd4 Bg7 29. Bf3 Rxe2 30. Bxe2 f5 1/2-1/2

[Event "Oberliga Baden 1112"]
[Site "Germany"]
[Date "2012.01.15"]
[Round "5.4"]
[White "Bogdanovich, Grigory Grigorievic"]
[Black "Germer, Philipp"]
[Result "1-0"]
[WhiteElo "2337"]
[BlackElo "2203"]
[PlyCount "59"]
[EventDate "2011.10.02"]
[EventType "team-tourn"]
[EventRounds "9"]
[EventCountry "GER"]
[SourceTitle "EXT 2013"]
[Source "ChessBase"]
[SourceDate "2012.11.22"]
[SourceVersion "1"]
[SourceVersionDate "2012.11.22"]
[SourceQuality "1"]
[WhiteTeam "Bad Mergentheim"]
[BlackTeam "Oberwinden"]
[WhiteTeamCountry "GER"]
[BlackTeamCountry "GER"]

1. d4 d5 2. Nf3 Nf6 3. e3 e6 4. Bd3 Bd6 5. b3 Qe7 6. Bb2 Nbd7 7. Ne5 c5 8. 0-0 h5 9. f4 Nf8 10. Nc3 a6 11. Na4 cxd4 12. exd4 N8d7 13. c4 b6 14. Nxd7 Nxd7 15. cxd5 Bb7 16. dxe6 fxe6 17. Bg6+ Kd8 18. Qe2 b5 19. Nc5 Bxc5 20. dxc5 Qxc5+ 21. Kh1 h4 22. h3 Bd5 23. Rac1 Qe7 24. Qc2 Nf6 25. Qd2 Ra7 26. Qa5+ Kd7 27. Ba3 Qd8 28. Qb4 Ne8 29. Qc5 Rc7 30. Qxd5+ 1-0